Statistics for Suburbs in Inner West Council

Click here to take the quiz!

General Stats

  • This quiz has been taken 17 times
  • The average score is 19 of 26

Answer Stats

Suburb% Correct
Leichhardt
100%
Stanmore
100%
Annandale
92%
Ashfield
92%
Balmain
92%
Lewisham
92%
Marrickville
92%
Enmore
83%
Haberfield
83%
Newtown
83%
Petersham
83%
Balmain East
75%
Birchgrove
75%
Croydon
75%
Lilyfield
75%
Summer Hill
75%
Camperdown
67%
Dulwich Hill
67%
Rozelle
67%
St Peters
67%
Tempe
50%
Ashbury
42%
Croydon Park
42%
Hurlstone Park
42%
Mascot
33%
Sydenham
33%

Score Distribution

Percentile by Number Answered

Percent of People with Each Score

Your Score History

You have not taken this quiz